オーケーに近い大学キャンパスTOP100 - Statistics

General Stats
  • This quiz has been taken 47 times
  • The average score is 32 of 100
Answer Stats
順位 大学名
オーケー
店舗名
距離
(km)
% Correct
23 早稲田大学 東伏見店 0.57
92%
68 早稲田大学 高田馬場店 1.11
92%
70 早稲田大学 日本橋久松町店 1.12
92%
94 早稲田大学 高田馬場店 1.37
92%
20 明治大学 生田店 0.53
82%
40 明治大学 高円寺店 0.83
82%
85 東京大学 池尻大橋店 1.25
76%
5 法政大学 梶野町店 0.28
74%
22 立教大学 新座北野店 0.56
74%
62 立教大学 下落合店 1.09
74%
7 日本大学 大谷口店 0.31
71%
50 日本大学 成城店 0.99
71%
52 日本大学 小茂根店 0.99
71%
96 日本大学 池尻大橋店 1.40
71%
60 専修大学 生田店 1.08
66%
18 帝京大学 多摩大塚店 0.51
63%
25 神奈川大学 みなとみらい店 0.61
63%
28 東京都立大学 足立小台店 0.64
63%
30 東京都立大学 北八王子店 0.65
63%
37 帝京大学 十条店 0.81
63%
56 東海大学 伊勢原店 1.03
63%
66 東海大学 初台店 1.10
63%
97 東京都立大学 南大沢店 1.41
63%
9 学習院大学 高田馬場店 0.41
61%
21 慶應義塾大学 札の辻店 0.55
61%
73 慶應義塾大学 千駄ヶ谷店 1.16
61%
1 上智大学 下落合店 0.21
55%
46 亜細亜大学 梶野町店 0.93
55%
54 成城大学 成城店 1.02
55%
33 東京農工大学 小金井店 0.71
53%
6 電気通信大学 調布店 0.29
50%
38 國學院大學 あざみ野店 0.81
50%
74 東京科学大学 町田小川店 1.16
50%
93 成蹊大学 三鷹北口店 1.37
47%
49 東京学芸大学 国分寺店 0.95
45%
41 帝京平成大学 高円寺店 0.87
42%
24 武蔵野大学 お台場店 0.59
39%
42 東京女子大学 吉祥寺店 0.89
39%
57 武蔵野大学 東伏見店 1.06
39%
64 武蔵大学 豊玉南店 1.10
39%
86 日本女子大学 高田馬場店 1.30
37%
88 明星大学 多摩大塚店 1.31
37%
99 日本体育大学 用賀駅前店 1.41
34%
47 横浜市立大学 金沢文庫店 0.93
32%
14 武蔵野美術大学 吉祥寺店 0.45
29%
43 昭和大学 長津田店 0.90
29%
53 明海大学 新浦安店 1.01
29%
58 昭和大学 戸越店 1.06
29%
92 多摩美術大学 用賀駅前店 1.33
29%
98 武蔵野美術大学 立川若葉町店 1.41
29%
8 関西学院大学 西宮北口店 0.41
26%
36 順天堂大学 新浦安店 0.81
26%
63 東京経済大学 国分寺店 1.09
26%
61 東京家政大学 十条店 1.08
24%
10 東邦大学 梅屋敷店 0.43
21%
12 東邦大学 梅屋敷店 0.43
21%
84 学習院女子大学 高田馬場店 1.24
16%
2 東京慈恵会医科大学 狛江店 0.24
13%
17 津田塾大学 千駄ヶ谷店 0.49
13%
44 文教大学 戸越店 0.92
13%
59 多摩大学 湘南台店 1.07
13%
82 聖マリアンナ医科大学 生田店 1.22
13%
83 フェリス女学院大学 新山下店 1.24
13%
3 甲南大学 西宮北口店 0.25
11%
13 東京富士大学 高田馬場店 0.44
11%
19 湘南工科大学 辻堂店 0.52
11%
32 淑徳大学 板橋大原店 0.70
11%
71 星薬科大学 戸越店 1.13
11%
75 杏林大学 三鷹上連雀店 1.17
11%
29 ヤマザキ動物看護大学 南大沢店 0.64
8%
16 東京医療保健大学 海神南店 0.48
5%
35 了徳寺大学 新浦安店 0.79
5%
39 東京医療保健大学 立川高島屋S.C.店 0.81
5%
51 千葉経済大学 千草台店 0.99
5%
67 横浜商科大学 新子安店 1.10
5%
80 東京成徳大学 十条店 1.19
5%
4 東京有明医療大学 東雲店 0.26
3%
27 武蔵野音楽大学 小茂根店 0.62
3%
31 昭和女子大学 池尻大橋店 0.67
3%
69 東大阪大学 高井田店 1.12
3%
72 湘南医療大学 東戸塚店 1.14
3%
76 聖路加国際大学 銀座店 1.17
3%
77 洗足学園音楽大学 溝ノ口店 1.18
3%
79 敬愛大学 千草台店 1.19
3%
11 社会情報大学院大学 高田馬場店 0.43
0%
15 東京都立産業技術大学院大学 青物横丁店 0.47
0%
26 ヤマザキ学園大学 南大沢店 0.61
0%
34 情報経営イノベーション専門職大学 曳舟店 0.77
0%
45 八洲学園大学 みなとみらい店 0.92
0%
48 情報セキュリティ大学院大学 みなとみらい店 0.94
0%
55 上野学園大学 浅草店 1.03
0%
65 杉野服飾大学 多摩大塚店 1.10
0%
78 大学院大学至善館 銀座店 1.18
0%
81 東京保健医療専門職大学 南砂店 1.19
0%
87 日本赤十字看護大学 三鷹上連雀店 1.31
0%
89 総合研究大学院大学 古淵店 1.32
0%
90 日本獣医生命科学大学 三鷹北口店 1.32
0%
91 総合研究大学院大学 立川高島屋S.C.店 1.33
0%
95 日本社会事業大学 清瀬店 1.38
0%
100 女子栄養大学 王子堀船店 1.42
0%
No matching quizzes found
Score Distribution
Percent of People with Each Score
Percentile by Number Answered
Your Score History
You have not taken this quiz